Central Library OPAC University of Rajshahi

A dictionary of film studies / (Record no. 675)

MARC details
000 -LEADER
fixed length control field 00884nam a2200301 a 4500
001 - CONTROL NUMBER
control field 675
003 - CONTROL NUMBER IDENTIFIER
rucl marc code BD-RjUL
005 - DATE AND TIME OF LATEST TRANSACTION
control field 20211208233221.0
008 - FIXED-LENGTH DATA ELEMENTS--GENERAL INFORMATION
fixed length control field 120919s2012 enk d 001 0 eng
020 ## - INTERNATIONAL STANDARD BOOK NUMBER
International Standard Book Number 9780199587261 (pbk.)
035 ## - SYSTEM CONTROL NUMBER
System control number (BD-RjUL)695
040 ## - CATALOGING SOURCE
Original cataloging agency DLC
Transcribing agency DLC
Modifying agency DLC
-- BD-RjUL
Language of cataloging eng
041 ## - LANGUAGE CODE
Language code of text/sound track or separate title eng
082 00 - DEWEY DECIMAL CLASSIFICATION NUMBER
Classification number 791.4303
Author mark and year KUD 2012
Edition number 23
100 1# - MAIN ENTRY--PERSONAL NAME
Personal name Kuhn, Annette.
9 (RLIN) 116043
245 12 - TITLE STATEMENT
Title A dictionary of film studies /
Statement of responsibility, etc. Annette Kuhn, Guy Westwell.
246 14 - VARYING FORM OF TITLE
Title proper/short title Oxford dictionary of film studies
250 ## - EDITION STATEMENT
Edition statement 1st ed.
260 ## - PUBLICATION, DISTRIBUTION, ETC. (IMPRINT)
Place of publication, distribution, etc. Oxford :
Name of publisher, distributor, etc. Oxford University Press,
Date of publication, distribution, etc. 2012.
300 ## - PHYSICAL DESCRIPTION
Pagination ix, 516 p. ;
Size 20 cm.
490 0# - SERIES STATEMENT
Series statement Oxford paperback reference
500 ## - GENERAL NOTE
General note Includes indexes.
650 #0 - SUBJECT ADDED ENTRY--TOPICAL TERM
Topical term or geographic name as entry element Motion pictures
Form subdivision Dictionaries.
9 (RLIN) 116044
700 1# - ADDED ENTRY--PERSONAL NAME
Personal name Westwell, Guy.
942 ## - ADDED ENTRY ELEMENTS (KOHA)
Source of classification or shelving scheme Dewey Decimal Classification
Koha item type Reference
Holdings
Lost status Source of classification or shelving scheme Damaged status Not for loan Collection code Permanent Location Current Location Shelving location Date acquired Source of acquisition Cost, normal purchase price Total Checkouts Full call number Date last seen Copy number Koha item type
  Dewey Decimal Classification   Not For Loan Reference Central Library, University of Rajshahi Central Library, University of Rajshahi   22/07/2014 Baatighar, Chittagong. 750.50   R 791.4303 KUD 2012 10/02/2015 C-1 Reference
  Dewey Decimal Classification     Reference Central Library, University of Rajshahi Central Library, University of Rajshahi   22/07/2014 Baatighar, Chittagong 750.50   R 791.4303 KUD 2012 10/02/2015 C-2 Reference
  Dewey Decimal Classification     Reference Central Library, University of Rajshahi Central Library, University of Rajshahi   22/07/2014 Baatighar, Chittagong 750.50   R 791.4303 KUD 2012 10/02/2015 C-3 Reference